| 000 | 01030naa a22002897a 4500 | ||
|---|---|---|---|
| 001 | BR9510429 | ||
| 003 | BR-BrBNA | ||
| 005 | 20240918181824.0 | ||
| 007 | ta | ||
| 008 | 230509b bl.||||| |||| 00| 0 por d | ||
| 040 |
_aBR-BrBNA _bpor _cBiblioteca Nacional de Agricultura |
||
| 041 | _a(Pt) | ||
| 072 |
_aL01 _b5213 |
||
| 090 | _aL01 BR9510429 | ||
| 100 | 1 | _aFelicio, P.E. de | |
| 111 | 1 |
_a1. Congresso Brasileiro das Racas Zebuinas _cUberaba, MG (Brazil) _d23-26 Oct 1994 |
|
| 245 | 1 | _aDois aspectos de competitividade da carne de Bos indicus, um positivo, outro negativo | |
| 260 | 3 |
_aUberaba, MG (Brasil): _c1994. |
|
| 500 | _aAnais do 1. Congresso Brasileiro das Racas Zebuinas Uberaba, MG (Brasil): 1994. p. 63-71 (BR9510429-AM)L01 | ||
| 650 | _aGado Zebu | ||
| 650 | _aCarne | ||
| 650 | _aCarcaca | ||
| 650 | _aRendimento | ||
| 773 | 0 |
_tAnais do 1. Congresso Brasileiro das Racas Zebuinas _wL01 BR9510429 _gUberaba, MG (Brasil), 1994. p. 63-71 |
|
| 909 |
_a202404 _bLucia _c55 _dLucia Elande |
||
| 942 |
_cAM _2AGRIS |
||
| 999 |
_c327011 _d327011 |
||